[Event "55th Groningen Open 2017"]
[Site "Groningen NED"]
[Date "2017.12.22"]
[Round "1.1"]
[White "Van Meegen, Ruud"]
[Black "Turov, Maxim"]
[Result "0-1"]
[BlackTitle "GM"]
[WhiteElo "2235"]
[BlackElo "2618"]
[WhiteFideId "1034995"]
[BlackFideId "4120086"]
[EventDate "2017.12.22"]

1. d4 Nf6 2. c4 g6 3. Nc3 d5 4. cxd5 Nxd5 5. Bd2 Bg7 6. e4 Nb6 7. Be3 O-O 8. Be2
Nc6 9. Nf3 Bg4 10. d5 Bxf3 11. gxf3 Na5 12. Bd4 Qd6 13. b3 c6 14. Bxg7 Kxg7 15.
Qd2 cxd5 16. exd5 Rfd8 17. Rd1 Qb4 18. O-O Rac8 19. Nb5 Qxd2 20. Rxd2 a6 21. Nd4
Nxd5 22. Rfd1 e6 0-1

[Event "55th Groningen Open 2017"]
[Site "Groningen NED"]
[Date "2017.12.22"]
[Round "1.2"]
[White "Bok, Benjamin"]
[Black "Beukema, Jasper"]
[Result "1-0"]
[WhiteTitle "GM"]
[BlackTitle "FM"]
[WhiteElo "2601"]
[BlackElo "2233"]
[WhiteFideId "1017063"]
[BlackFideId "1032984"]
[EventDate "2017.12.22"]

1. Nf3 d5 2. g3 Nf6 3. Bg2 c5 4. O-O Nc6 5. d4 e6 6. c4 Be7 7. cxd5 exd5 8. b3
O-O 9. Bb2 Ne4 10. Nc3 Bf6 11. Na4 b5 12. Nxc5 Nxc5 13. Rc1 Na6 14. Rxc6 Nb4 15.
Rc1 Nxa2 16. Rc5 Be6 17. Rxb5 a6 18. Rc5 Be7 19. Qa1 Nb4 20. Rc3 a5 21. Rfc1 Qb6
22. Ba3 Bf6 23. e3 Bf5 24. Ne1 Rfd8 25. Qb2 Rab8 26. Bxb4 Qxb4 27. Qd2 Be7 28.
Nd3 Bxd3 29. Qxd3 Qa3 30. Qd1 Bb4 31. Rc7 Bd6 32. R7c3 Bb4 33. Rc7 Bd6 34. Ra7
Rb5 35. Ra1 Qb2 36. Rb1 Qa3 37. Bf1 Bb8 38. Rxf7 Rb6 39. Rf5 g6 40. Rxd5 1-0

[Event "55th Groningen Open 2017"]
[Site "Groningen NED"]
[Date "2017.12.22"]
[Round "1.3"]
[White "Van Ketel, Raoul"]
[Black "Tiviakov, Sergei"]
[Result "0-1"]
[WhiteTitle "FM"]
[BlackTitle "GM"]
[WhiteElo "2214"]
[BlackElo "2583"]
[WhiteFideId "1004883"]
[BlackFideId "1008013"]
[EventDate "2017.12.22"]

1. d4 Nf6 2. c4 e6 3. Nc3 Bb4 4. f3 O-O 5. a3 Bxc3+ 6. bxc3 Nh5 7. g3 f5 8. e4
d6 9. exf5 exf5 10. Bd3 c5 11. Ne2 Nc6 12. O-O b6 13. Qc2 g6 14. Bh6 Rf7 15. g4
Ng7 16. Ng3 cxd4 17. Bxg7 Rxg7 18. gxf5 gxf5 19. Bxf5 Bxf5 20. Qxf5 Kh8 21. Qe4
Na5 22. Kh1 Qe8 23. Qd5 Qg8 24. cxd4 Nxc4 25. Qxg8+ Raxg8 26. a4 Rf7 27. Rae1
Nd2 28. Rf2 Nxf3 29. Re6 d5 30. Rd6 Rg5 31. a5 bxa5 32. Rd8+ Kg7 33. Ra2 Nxd4
34. Rxa5 Ne2 35. Rdxd5 Nxg3+ 36. hxg3 Rxg3 37. Kh2 Rg6 38. Rd8 Re6 39. Ra8 Ree7
40. Ra3 h6 41. Kg3 Kh7 42. Ra5 Rg7+ 43. Kf4 Ref7+ 44. Ke4 Kg6 45. Rh8 Rf6 46.
Re8 Rd7 47. Ree5 a6 48. Re8 Kf7 49. Rae5 Rf1 50. Ra8 Rd6 51. Ra5 Re6+ 52. Kd3
Rd1+ 53. Kc2 Rdd6 54. Rf5+ Kg6 55. Rf2 Re5 56. Rg8+ Kh7 57. Rc8 h5 58. Rg2 Rg6
59. Rh8+ Kxh8 60. Rxg6 a5 61. Kd3 Kh7 62. Kd4 0-1

[Event "55th Groningen Open 2017"]
[Site "Groningen NED"]
[Date "2017.12.22"]
[Round "1.4"]
[White "Postny, Evgeny"]
[Black "Guelsen, Taylan"]
[Result "1-0"]
[WhiteTitle "GM"]
[WhiteElo "2581"]
[BlackElo "2213"]
[WhiteFideId "2804344"]
[BlackFideId "24603635"]
[EventDate "2017.12.22"]

1. d4 d5 2. c4 e6 3. Nf3 Nf6 4. g3 Be7 5. Bg2 O-O 6. O-O dxc4 7. Qc2 a6 8. a4
Bd7 9. Rd1 Bc6 10. Nc3 a5 11. e4 Na6 12. Ne5 Nb4 13. Qe2 Be8 14. Nxc4 c6 15. Bf4
Ra6 16. Rd2 Bd7 17. Rad1 Qa8 18. h4 Re8 19. g4 Bc8 20. g5 Nd7 21. d5 e5 22. Nxe5
Nxe5 23. Bxe5 Bf8 24. Bg3 Nxd5 25. Nxd5 cxd5 26. e5 Be6 27. Bxd5 Bxd5 28. Rxd5
Rae6 29. Rd7 b6 30. Qc4 Qf3 31. R1d3 Qf5 32. Kg2 Bc5 33. Rf3 Qg6 34. Rfxf7 Qxf7
35. Rxf7 Kxf7 36. h5 g6 37. Qd5 Re7 38. f4 Re8 39. Kf3 Kg7 40. Be1 Bg1 41. Bc3
Kf7 42. Kg4 Re7 43. f5 gxf5+ 44. Kxf5 Bc5 45. g6+ hxg6+ 46. hxg6+ Kg7 47. Qxe6
Rxe6 48. Kxe6 Kxg6 49. Kd7 Kf5 50. e6 Ke4 51. Be1 Kd3 52. Bg3 1-0

[Event "55th Groningen Open 2017"]
[Site "Groningen NED"]
[Date "2017.12.22"]
[Round "1.5"]
[White "Michalczak, Thomas"]
[Black "Kryakvin, Dmitry"]
[Result "0-1"]
[WhiteTitle "FM"]
[BlackTitle "GM"]
[WhiteElo "2194"]
[BlackElo "2580"]
[WhiteFideId "4622634"]
[BlackFideId "4153278"]
[EventDate "2017.12.22"]

1. e4 c5 2. Nf3 d6 3. d4 cxd4 4. Nxd4 Nf6 5. Nc3 Nc6 6. Bg5 e6 7. Qd2 Be7 8.
O-O-O O-O 9. f4 h6 10. h4 Nxd4 11. Qxd4 Qa5 12. Qe3 Rd8 13. Qg3 Kf8 14. Kb1 Bd7
15. Bxf6 Bxf6 16. Rxd6 Bc6 17. Rxd8+ Rxd8 18. e5 Be7 19. Bd3 Rd4 20. Rf1 h5 21.
Qe1 Bxg2 22. Rg1 Bf3 23. Qe3 Rb4 24. Qxf3 Rxb2+ 25. Kc1 Qxc3 26. Qg3 g5 27. Bh7
Qb4 28. c3 Qa3 29. Kd1 Qa4+ 30. Ke1 Qxa2 31. Kf1 Bc5 0-1

[Event "55th Groningen Open 2017"]
[Site "Groningen NED"]
[Date "2017.12.22"]
[Round "1.6"]
[White "Plat, Vojtech"]
[Black "Sparenberg, Erik"]
[Result "1-0"]
[WhiteTitle "GM"]
[WhiteElo "2567"]
[BlackElo "2188"]
[WhiteFideId "325740"]
[BlackFideId "1013262"]
[EventDate "2017.12.22"]

1. e4 e5 2. Nf3 Nc6 3. d4 exd4 4. Nxd4 Nf6 5. Nxc6 bxc6 6. e5 Qe7 7. Qe2 Nd5 8.
g3 Bb7 9. Bg2 O-O-O 10. O-O f6 11. c4 Nb6 12. a4 Qxe5 13. Qxe5 fxe5 14. b3 d6
15. Bg5 Re8 16. Nc3 Kb8 17. a5 Nd7 18. a6 Ba8 19. Bh3 Nc5 20. Be3 d5 21. cxd5
cxd5 22. Ra5 d4 23. Rb5+ Bb7 24. Bg2 Re6 25. Bxb7 Rb6 26. Rxc5 Bxc5 27. Na4 Rxb7
28. axb7 Bb4 29. Bc1 Kxb7 30. Nb2 e4 31. Nc4 Re8 32. Rd1 Bc3 33. Bd2 Bxd2 34.
Rxd2 d3 35. Ra2 Rd8 36. Kf1 Rd5 37. Ke1 Rb5 38. Kd2 Kc6 39. Ke3 Kd5 40. Nd2 Rc5 1-0

[Event "55th Groningen Open 2017"]
[Site "Groningen NED"]
[Date "2017.12.22"]
[Round "1.7"]
[White "Godbole, Atharva"]
[Black "Pruijssers, Roeland"]
[Result "0-1"]
[BlackTitle "GM"]
[WhiteElo "2178"]
[BlackElo "2543"]
[WhiteFideId "5059550"]
[BlackFideId "1013068"]
[EventDate "2017.12.22"]

1. e4 e5 2. Nf3 Nc6 3. Bb5 a6 4. Ba4 Nf6 5. O-O Be7 6. Re1 b5 7. Bb3 d6 8. c3
O-O 9. d4 Bg4 10. d5 Na5 11. Bc2 c6 12. h3 Bc8 13. dxc6 Qc7 14. Nbd2 Qxc6 15.
Nf1 Be6 16. Ng5 Bd7 17. a4 Rfc8 18. Ng3 Bd8 19. Re3 h6 20. Nf3 Be6 21. Nh4 d5
22. Ngf5 Nxe4 23. Bxe4 Bxh4 24. Nxh4 dxe4 25. Rg3 Kf8 26. Qh5 Nb3 27. Bxh6 Nxa1
28. Rxg7 Ke8 29. Ng6 Qd5 30. Nxe5 Kd8 31. Bf4 Kc7 32. Nxf7+ Kb6 33. Qh6 Rg8 34.
Rh7 Ka5 35. Bc7+ Kxa4 36. Ne5 Nb3 37. Qe3 Rac8 38. Qb6 a5 39. Rh4 Rg7 40. Bd6
Bf5 41. Qa6 Qb7 0-1

[Event "55th Groningen Open 2017"]
[Site "Groningen NED"]
[Date "2017.12.22"]
[Round "1.8"]
[White "Ernst, Sipke"]
[Black "Wedda, Dries"]
[Result "1-0"]
[WhiteTitle "GM"]
[WhiteElo "2532"]
[BlackElo "2157"]
[WhiteFideId "1004689"]
[BlackFideId "1053787"]
[EventDate "2017.12.22"]

1. Nf3 c5 2. c4 Nc6 3. g3 g6 4. Bg2 Bg7 5. O-O d6 6. Nc3 Bf5 7. a3 Qd7 8. b4
Nxb4 9. axb4 cxb4 10. Nh4 bxc3 11. Nxf5 gxf5 12. Rb1 Rb8 13. dxc3 Nf6 14. c5 d5
15. c4 Ne4 16. cxd5 Nc3 17. Bb2 Nxd1 18. Bxg7 Nc3 19. Bxc3 O-O 20. Be5 Rbc8 21.
Rfc1 Qa4 22. Bf3 f6 23. Bf4 Qa5 24. Be3 b6 25. c6 e5 26. dxe6 Qe5 27. Bf4 Qxe6
28. c7 a5 29. Rc6 Qd7 30. Rbxb6 a4 31. Rd6 Qxc7 32. Rb7 Qa5 33. Bd5+ Kh8 34.
Rdd7 1-0

[Event "55th Groningen Open 2017"]
[Site "Groningen NED"]
[Date "2017.12.22"]
[Round "1.9"]
[White "Rahul, Srivatshav P"]
[Black "Kislinsky, Alexey"]
[Result "1-0"]
[BlackTitle "GM"]
[WhiteElo "2331"]
[BlackElo "2513"]
[WhiteFideId "25059653"]
[BlackFideId "14108801"]
[EventDate "2017.12.22"]

1. d4 Nf6 2. c4 c5 3. d5 b5 4. cxb5 a6 5. bxa6 g6 6. Nc3 Bxa6 7. e4 Bxf1 8. Kxf1
d6 9. g3 Bg7 10. Kg2 O-O 11. Nf3 Qb6 12. e5 Ng4 13. exd6 exd6 14. h3 Nf6 15. Re1
Na6 16. Rb1 Nc7 17. Bf4 Nh5 18. Bg5 h6 19. Be7 Rfb8 20. Nd2 Ne8 21. Qf3 Qa6 22.
Nde4 Ra7 23. Bh4 f5 24. Nd2 Nhf6 25. Bxf6 Nxf6 26. Re6 Nd7 27. Qf4 Ne5 28. Nf3
g5 29. Qe3 Nc4 30. Qe2 Rf8 31. Re1 g4 32. hxg4 fxg4 33. Nh4 Ne5 34. Ng6 Qxe2 35.
Rxe2 Rb8 36. Rxd6 Nc4 37. Rc6 Nxb2 38. Ne4 c4 39. d6 Kh7 40. Ne7 Nd3 41. Rc7
Rbb7 42. d7 Rxc7 43. d8=Q Rxe7 44. Ng5+ hxg5 45. Rxe7 Rxe7 46. Qxe7 Nb2 47. Qxg5
c3 48. Qh5+ Kg8 49. Qe8+ Kh7 50. a4 Kh6 51. a5 1-0

[Event "55th Groningen Open 2017"]
[Site "Groningen NED"]
[Date "2017.12.22"]
[Round "1.10"]
[White "Anurag, Mhamal"]
[Black "De Boer, Bas"]
[Result "1-0"]
[WhiteTitle "GM"]
[WhiteElo "2488"]
[BlackElo "2136"]
[WhiteFideId "5024366"]
[BlackFideId "1050729"]
[EventDate "2017.12.22"]

1. Nf3 d5 2. g3 Nf6 3. Bg2 Bf5 4. d3 e6 5. O-O h6 6. c4 c6 7. cxd5 exd5 8. Nc3
Be7 9. e4 dxe4 10. dxe4 Qxd1 11. Rxd1 Nxe4 12. Nd4 Nxc3 13. bxc3 Bd7 14. Re1 Kf8
15. Rb1 b6 16. a4 g6 17. a5 Bf6 18. axb6 axb6 19. Rxb6 Kg7 20. Bf4 Re8 21. Reb1
Na6 22. Nxc6 Bf5 23. Rc1 Nc5 24. Nd4 Be4 25. Bxh6+ Kxh6 26. Rxf6 Kg7 27. Bxe4
Nxe4 28. Rf3 Ng5 29. Rd3 Ra2 30. Kg2 f5 31. c4 Ne4 32. Rc2 Ra1 33. c5 Ng5 34. c6 1-0

[Event "55th Groningen Open 2017"]
[Site "Groningen NED"]
[Date "2017.12.22"]
[Round "1.11"]
[White "Priyanka, K"]
[Black "Van Foreest, Lucas"]
[Result "0-1"]
[BlackTitle "IM"]
[WhiteElo "2134"]
[BlackElo "2481"]
[WhiteFideId "5082986"]
[BlackFideId "1039792"]
[EventDate "2017.12.22"]

1. e4 e5 2. Nf3 Nc6 3. Bb5 Nf6 4. O-O Nxe4 5. Re1 Nd6 6. Bxc6 dxc6 7. Nxe5 Be7
8. d4 O-O 9. c3 Re8 10. Nd2 Bf8 11. h3 f6 12. Nef3 Rxe1+ 13. Qxe1 Bf5 14. Nb3
Qd7 15. Nc5 Qf7 16. Qd1 Re8 17. Bf4 b6 18. Nd3 Qc4 19. Nb4 a5 20. Nc2 Qf7 21.
Ne3 Be6 22. Qc2 Bxa2 23. Bxd6 Bb3 24. Qd3 Bxd6 25. c4 a4 26. Nd2 c5 27. d5 Qe7
28. Nxb3 axb3 29. Qxb3 Qe5 30. Nf1 Qf4 31. Qc2 g6 32. Rd1 Re4 33. b3 f5 34. Ng3
Re8 35. Nf1 h5 36. Qd2 Kf7 37. Qxf4 Bxf4 38. g3 Bd6 39. Kg2 Ra8 40. f4 h4 41.
Kf3 Ra3 42. Rb1 hxg3 43. Kxg3 g5 44. Kf3 Bxf4 45. h4 Kf6 46. hxg5+ Bxg5 47. Ne3
Ra2 48. d6 cxd6 49. Nd5+ Kf7 50. Nxb6 Bf6 51. Nd5 Bd4 52. Rd1 Rf2+ 53. Kg3 Rb2
54. Kf4 Rf2+ 55. Kg3 Re2 56. Kf4 Kg6 57. Rd3 Be5+ 58. Kf3 Rh2 59. Nf4+ Kg5 60.
Ne6+ Kf6 61. Nf4 Rh4 62. Nd5+ Kg5 63. Kg2 Rh2+ 64. Kf3 Bd4 0-1

[Event "55th Groningen Open 2017"]
[Site "Groningen NED"]
[Date "2017.12.22"]
[Round "1.12"]
[White "Lubbe, Nikolas"]
[Black "Weggen, Jeroen"]
[Result "0-1"]
[WhiteTitle "IM"]
[WhiteElo "2474"]
[BlackElo "2126"]
[WhiteFideId "4694031"]
[BlackFideId "1027980"]
[EventDate "2017.12.22"]

1. d4 f5 2. e4 fxe4 3. Nc3 Nf6 4. Bg5 c6 5. f3 e3 6. Bxe3 d5 7. Bd3 g6 8. Qd2
Nbd7 9. O-O-O b5 10. Bh6 Nb6 11. Nge2 b4 12. Nb1 a5 13. b3 Qd6 14. Bf4 Qe6 15.
Rde1 Qf7 16. Ng3 Bg7 17. Bh6 O-O 18. Bxg7 Qxg7 19. h4 c5 20. dxc5 Nbd7 21. Qe3
e5 22. c6 a4 23. cxd7 Nxd7 24. h5 axb3 25. axb3 Ra2 26. hxg6 e4 27. fxe4 Ba6 28.
exd5 Nc5 29. gxh7+ Kh8 30. Bg6 Qb2+ 31. Kd1 Ra1 32. Qxc5 Rxb1+ 33. Kd2 Rf2+ 34.
Re2 Rxh1 35. Qxb4 0-1

[Event "55th Groningen Open 2017"]
[Site "Groningen NED"]
[Date "2017.12.23"]
[Round "2.1"]
[White "Turov, Maxim"]
[Black "Lubbe, Melanie"]
[Result "1-0"]
[WhiteTitle "GM"]
[BlackTitle "WGM"]
[WhiteElo "2618"]
[BlackElo "2345"]
[WhiteFideId "4120086"]
[BlackFideId "4690745"]
[EventDate "2017.12.22"]

1. d4 Nf6 2. Nf3 g6 3. g3 Bg7 4. Bg2 O-O 5. O-O d6 6. b3 c6 7. Bb2 e5 8. dxe5
Ng4 9. Nbd2 Nxe5 10. Nxe5 Bxe5 11. Bxe5 dxe5 12. Nc4 Qc7 13. Qd6 Na6 14. Qxe5
Qxe5 15. Nxe5 Re8 16. Nxc6 bxc6 17. Bxc6 Bh3 18. Rfd1 Rad8 19. Bxe8 Rxe8 20. Rd2
Re5 21. f3 Be6 22. Rc1 Kf8 23. Kf2 Ke7 24. c3 Rc5 25. e4 Nb4 26. a3 Nc6 27. c4
a5 28. Ke3 h5 29. f4 Kf6 30. Rd6 Ke7 31. Rd5 Bxd5 32. exd5 Nd8 33. Kd4 Rc8 34.
c5 Kd7 35. b4 axb4 36. axb4 Ra8 37. b5 f6 38. c6+ Kc7 39. Kc5 Ra2 40. d6+ Kc8
41. d7+ Kb8 42. Kb6 1-0

[Event "55th Groningen Open 2017"]
[Site "Groningen NED"]
[Date "2017.12.23"]
[Round "2.2"]
[White "Warmerdam, Max"]
[Black "Bok, Benjamin"]
[Result "1/2-1/2"]
[WhiteTitle "FM"]
[BlackTitle "GM"]
[WhiteElo "2356"]
[BlackElo "2601"]
[WhiteFideId "1048104"]
[BlackFideId "1017063"]
[EventDate "2017.12.22"]

1. d4 Nf6 2. c4 e6 3. g3 c5 4. d5 exd5 5. cxd5 d6 6. Nc3 g6 7. Bg2 Bg7 8. Nf3
O-O 9. O-O Re8 10. a4 b6 11. Nd2 Ba6 12. Nb5 Nbd7 13. Nc4 Bxb5 14. axb5 Ne5 15.
Nxe5 Rxe5 16. Qd3 Re7 17. Bg5 h6 18. Bxf6 Bxf6 19. Ra2 Rc7 20. b3 Qd7 1/2-1/2

[Event "55th Groningen Open 2017"]
[Site "Groningen NED"]
[Date "2017.12.23"]
[Round "2.3"]
[White "Tiviakov, Sergei"]
[Black "Rahul, Srivatshav P"]
[Result "1-0"]
[WhiteTitle "GM"]
[WhiteElo "2583"]
[BlackElo "2331"]
[WhiteFideId "1008013"]
[BlackFideId "25059653"]
[EventDate "2017.12.22"]

1. e4 c5 2. Nf3 e6 3. c3 Nf6 4. e5 Nd5 5. Bc4 d6 6. O-O dxe5 7. Nxe5 Bd6 8. d4
O-O 9. Nf3 cxd4 10. Qxd4 Nc6 11. Qd1 Nce7 12. a4 Qc7 13. Bd3 Rd8 14. Qc2 h6 15.
Na3 a6 16. Nc4 Bf4 17. Re1 b6 18. Bxf4 Nxf4 19. Bh7+ Kf8 20. Be4 Bb7 21. Bxb7
Qxb7 22. Re4 Nfd5 23. Rae1 b5 24. Nce5 Nf6 25. Rf4 Ned5 26. Rd4 Nb6 27. axb5
axb5 28. Qb3 Rd5 29. Red1 Nfd7 30. Rxd5 Nxd5 31. c4 Nxe5 32. Nxe5 Nf4 33. Nf3
Rc8 34. cxb5 Kg8 35. g3 Nh3+ 36. Kg2 Ng5 37. b6 Rb8 38. Rd4 Nxf3 39. Qxf3 Qxb6
40. Rd7 f5 41. Qc3 e5 42. Qxe5 Qc6+ 43. Kh3 Qxd7 44. Qxb8+ Kh7 45. Qe5 g5 46.
Kg2 Kg6 47. h3 Qc6+ 48. Kh2 Qb6 49. Kg1 Qb3 50. Qe8+ Kg7 51. Qd7+ Kg6 52. Qc6+
Kh7 53. Qc3 Qd1+ 54. Kg2 Qd5+ 55. Kh2 Qa2 56. Qc7+ Kg8 57. Qe5 Qb3 58. Qxf5 Qxb2
59. Qg6+ Qg7 60. Qxg7+ Kxg7 61. Kg2 Kf6 62. Kf3 Kf5 63. Ke3 Ke5 64. f4+ Kf6 65.
Ke4 gxf4 66. gxf4 Ke6 67. f5+ Kf6 68. Kf4 Ke7 69. Ke5 Kf7 70. f6 Kf8 71. Kf5 Kf7
72. h4 1-0

[Event "55th Groningen Open 2017"]
[Site "Groningen NED"]
[Date "2017.12.23"]
[Round "2.4"]
[White "De Jong, Migchiel"]
[Black "Postny, Evgeny"]
[Result "1/2-1/2"]
[WhiteTitle "IM"]
[BlackTitle "GM"]
[WhiteElo "2331"]
[BlackElo "2581"]
[WhiteFideId "1002848"]
[BlackFideId "2804344"]
[EventDate "2017.12.22"]

1. e4 e5 2. Nf3 Nc6 3. Bb5 a6 4. Ba4 Nf6 5. O-O Be7 6. Re1 b5 7. Bb3 d6 8. c3
O-O 9. a4 b4 10. a5 Rb8 11. Bc4 Nxe4 12. Bd5 Nxf2 13. Kxf2 Nxa5 14. cxb4 c6 15.
Ba2 Rxb4 16. d4 exd4 17. Kg1 c5 18. Bd2 Nc6 19. Bd5 Rb6 20. Na3 Nb4 21. Bxb4
Rxb4 22. Nc4 Bf6 23. Nfd2 Bb7 24. Qf3 Qa8 25. Bxb7 Qxb7 26. Qxb7 Rxb7 27. Rxa6
d5 28. Nb6 d3 29. Nxd5 Bd4+ 30. Kh1 Rxb2 31. Nf3 h6 32. Nxd4 cxd4 33. Nf4 d2 34.
Rd1 Re8 35. Raa1 Ra2 36. Rab1 Rb2 37. Ra1 Ra2 38. Rab1 1/2-1/2

[Event "55th Groningen Open 2017"]
[Site "Groningen NED"]
[Date "2017.12.23"]
[Round "2.5"]
[White "Kryakvin, Dmitry"]
[Black "Wacker, Peter"]
[Result "1-0"]
[WhiteTitle "GM"]
[BlackTitle "FM"]
[WhiteElo "2580"]
[BlackElo "2323"]
[WhiteFideId "4153278"]
[BlackFideId "4615751"]
[EventDate "2017.12.22"]

1. d4 d5 2. c4 e6 3. Nf3 Nf6 4. Bg5 Be7 5. e3 h6 6. Bh4 O-O 7. Nc3 b6 8. Rc1 Bb7
9. Bxf6 Bxf6 10. cxd5 exd5 11. g3 Nd7 12. Bg2 c5 13. O-O Re8 14. Re1 a6 15. Re2
Rc8 16. dxc5 Bxc3 17. Rxc3 bxc5 18. Rec2 Qf6 19. Ne1 Rcd8 20. Rd2 d4 21. exd4
Bxg2 22. Nxg2 cxd4 23. Rxd4 Ne5 24. Rxd8 Rxd8 25. Qe2 Qd6 26. Ne3 Qe6 27. Nc4
Nxc4 28. Qxe6 fxe6 29. Rxc4 Rd2 30. Rb4 Kf7 31. a4 Kf6 32. Kg2 g5 33. Kf3 h5 34.
h3 Kf5 35. Ke3 Rc2 36. Rb6 g4 37. h4 e5 38. Rh6 1-0

[Event "55th Groningen Open 2017"]
[Site "Groningen NED"]
[Date "2017.12.23"]
[Round "2.6"]
[White "Abbas, Daniel"]
[Black "Plat, Vojtech"]
[Result "0-1"]
[WhiteTitle "FM"]
[BlackTitle "GM"]
[WhiteElo "2319"]
[BlackElo "2567"]
[WhiteFideId "423831"]
[BlackFideId "325740"]
[EventDate "2017.12.22"]

1. e4 c5 2. Nf3 Nc6 3. Bb5 g6 4. Bxc6 dxc6 5. h3 Bg7 6. d3 Nf6 7. Nc3 Nd7 8. Be3
e5 9. Qd2 h6 10. O-O Qe7 11. Nh2 Nf8 12. f4 exf4 13. Bxf4 Ne6 14. Bg3 Qg5 15.
Qxg5 hxg5 16. Ng4 Nf4 17. Nf2 Be6 18. Rae1 Be5 19. Re3 O-O-O 20. a3 c4 21. Rf3
Rd7 22. Rd1 Rhd8 23. Kh2 cxd3 24. Nxd3 Bc7 25. Na4 b6 26. b4 Rd4 27. Nc3 Bc4 28.
Nb2 Rxd1 29. Nbxd1 Be5 30. Ne3 Ba6 31. Ng4 Bd4 32. Bf2 f5 33. exf5 gxf5 34. Nh6
Bxc3 35. Rxc3 Rd2 36. Be3 Rxg2+ 37. Kh1 Rg3 38. Nxf5 Rxh3+ 39. Kg1 Kd7 40. Rb3
Bc4 41. Rb1 Bd5 42. Re1 Rh1+ 43. Kf2 Rh2+ 44. Kf1 Rxc2 45. Bxf4 gxf4 46. Re7+
Kd8 47. Rxa7 Bc4+ 48. Ke1 f3 49. Ne3 Re2+ 0-1

[Event "55th Groningen Open 2017"]
[Site "Groningen NED"]
[Date "2017.12.23"]
[Round "2.7"]
[White "Pruijssers, Roeland"]
[Black "Schippers, Maurice"]
[Result "1-0"]
[WhiteTitle "GM"]
[WhiteElo "2543"]
[BlackElo "2302"]
[WhiteFideId "1013068"]
[BlackFideId "1004735"]
[EventDate "2017.12.22"]

1. e4 e6 2. d4 d5 3. Nd2 Nf6 4. e5 Nfd7 5. Bd3 c5 6. c3 Nc6 7. Ne2 cxd4 8. cxd4
f6 9. exf6 Nxf6 10. Nf3 Bd6 11. O-O Qc7 12. Nc3 a6 13. Bd2 O-O 14. Rc1 Bd7 15.
Re1 Ng4 16. Bxh7+ Kh8 17. g3 Be8 18. Rxe6 Bh5 19. Nxd5 Qf7 20. Rxd6 Nxf2 21.
Kxf2 Bxf3 22. Bg6 Qg8 23. Qxf3 Rxf3+ 24. Kxf3 Nxd4+ 25. Kg2 Qf8 26. Bf4 Ne2 27.
Rd1 Rd8 28. Rxd8 Qxd8 29. Be3 Qd7 30. Bh5 Qb5 31. Bf3 Kg8 32. Kf2 Nxg3 33. hxg3
Qxb2+ 34. Rd2 Qa3 35. Nf4 1-0

[Event "55th Groningen Open 2017"]
[Site "Groningen NED"]
[Date "2017.12.23"]
[Round "2.8"]
[White "Kokje, Joris"]
[Black "Ernst, Sipke"]
[Result "0-1"]
[BlackTitle "GM"]
[WhiteElo "2282"]
[BlackElo "2532"]
[WhiteFideId "1051024"]
[BlackFideId "1004689"]
[EventDate "2017.12.22"]

1. d4 Nf6 2. c4 e6 3. Nf3 a6 4. Nc3 d5 5. Bg5 dxc4 6. e4 b5 7. e5 h6 8. Bh4 g5
9. Nxg5 hxg5 10. Bxg5 Nbd7 11. Be2 Bh6 12. Bxh6 Rxh6 13. exf6 Qxf6 14. Bf3 Rb8
15. Ne4 Qf4 16. Qd2 Qxd2+ 17. Kxd2 Bb7 18. Ke3 Ke7 19. Rad1 Rbh8 20. h3 Bd5 21.
Nc5 Bxf3 22. Kxf3 Rf6+ 23. Ke3 Nxc5 24. dxc5 Rh5 25. f4 Rxc5 26. h4 e5 27. f5 c3
28. bxc3 Rxc3+ 29. Ke4 Rc4+ 30. Kxe5 Rc5+ 31. Rd5 Rxf5+ 32. Kxf5 Rxd5+ 33. Ke4
Rc5 34. h5 Kf8 35. h6 Kg8 36. g4 Kh7 37. Rf1 Kxh6 38. Rxf7 Kg6 39. Rf5 Rc4+ 40.
Ke5 c6 41. Kd6 a5 42. a3 a4 43. Rc5 Rxc5 44. Kxc5 Kg5 45. Kxc6 b4 46. axb4 a3
47. b5 a2 48. b6 a1=Q 49. Kc7 Qe5+ 50. Kc8 Qc5+ 51. Kb7 Kf6 52. g5+ Ke7 0-1

[Event "55th Groningen Open 2017"]
[Site "Groningen NED"]
[Date "2017.12.23"]
[Round "2.9"]
[White "Kathmale, Sameer"]
[Black "Anurag, Mhamal"]
[Result "0-1"]
[WhiteTitle "IM"]
[BlackTitle "GM"]
[WhiteElo "2264"]
[BlackElo "2488"]
[WhiteFideId "5024498"]
[BlackFideId "5024366"]
[EventDate "2017.12.22"]

1. e4 e5 2. Nf3 Nc6 3. Bc4 Bc5 4. O-O d6 5. c3 Bg4 6. b4 Bb6 7. a4 a6 8. h3 Bh5
9. a5 Ba7 10. d3 Nge7 11. Be3 O-O 12. Bxa7 Rxa7 13. Re1 Kh8 14. g4 Bg6 15. d4
exd4 16. Nxd4 d5 17. Nxc6 bxc6 18. Qd4 Ra8 19. exd5 cxd5 20. Bb3 f5 21. Nd2 fxg4
22. hxg4 Nc6 23. Qc5 Qf6 24. Bxd5 Rad8 25. Re6 Qf4 26. Rxc6 Rxd5 27. Qxd5 Qxf2+
28. Kh1 Qh4+ 29. Kg1 Qg3+ 30. Kh1 Qh3+ 31. Kg1 Qe3+ 32. Kh1 Qh3+ 33. Kg1 Qe3+
34. Kh1 Rf2 35. Nf3 Rxf3 36. Ra2 Qe1+ 37. Kh2 Qg3+ 0-1

[Event "55th Groningen Open 2017"]
[Site "Groningen NED"]
[Date "2017.12.23"]
[Round "2.10"]
[White "Van Foreest, Lucas"]
[Black "Van Dael, Siem"]
[Result "1-0"]
[WhiteTitle "IM"]
[BlackTitle "FM"]
[WhiteElo "2481"]
[BlackElo "2268"]
[WhiteFideId "1039792"]
[BlackFideId "1049771"]
[EventDate "2017.12.22"]

1. e4 c5 2. Nc3 d6 3. Nge2 Nf6 4. g3 g6 5. Bg2 Bg7 6. O-O O-O 7. d4 cxd4 8. Nxd4
Nc6 9. Nxc6 bxc6 10. e5 dxe5 11. Bxc6 Rb8 12. Qxd8 Rxd8 13. Rd1 Rxd1+ 14. Nxd1
Bb7 15. Bxb7 Rxb7 16. c4 e4 17. Rb1 Ng4 18. b3 Ne5 19. Bb2 Nf3+ 20. Kg2 Ne1+ 21.
Kf1 Nf3 22. Kg2 Ne1+ 23. Kh1 Nd3 24. Bxg7 Kxg7 25. Kg1 Kf6 26. Kf1 Ke5 27. Nc3
a6 28. Ke2 Rd7 29. Rd1 f5 30. Nd5 Kd4 31. Nf4 Kc3 32. Ke3 g5 33. Nd5+ Kc2 34.
Rd2+ Kc1 35. f4 e5 36. fxg5 Rf7 37. Re2 Nc5 38. Rf2 Ne6 39. h4 Nd4 40. g4 Nc2+
41. Rxc2+ Kxc2 42. gxf5 Rxf5 43. Kxe4 Rf2 44. Kxe5 Kb2 45. c5 Rc2 46. Kd6 a5 47.
b4 a4 48. b5 1-0

[Event "55th Groningen Open 2017"]
[Site "Groningen NED"]
[Date "2017.12.23"]
[Round "2.11"]
[White "Stoyanov, Tsvetan"]
[Black "Kuipers, Stefan"]
[Result "1/2-1/2"]
[WhiteTitle "FM"]
[BlackTitle "IM"]
[WhiteElo "2242"]
[BlackElo "2440"]
[WhiteFideId "2917173"]
[BlackFideId "1018400"]
[EventDate "2017.12.22"]

1. e4 d6 2. d4 Nf6 3. Nc3 e5 4. dxe5 dxe5 5. Qxd8+ Kxd8 6. Bc4 Ke8 7. Nf3 Bd6 8.
Bg5 Nbd7 9. O-O a6 10. a4 h6 11. Be3 Ke7 12. a5 Bb4 13. Bd2 Re8 14. Rfe1 Kf8 15.
Nd5 Nxd5 16. Bxd5 Bxd2 17. Nxd2 Nf6 18. Bc4 Bd7 19. f3 Bc6 20. Nf1 Red8 1/2-1/2